Widzę Głosy #2 - Statystyki

Ogólne statystyki
  • Ten quiz został rozwiązany 13 razy
  • Średni wynik to 17 z 30
Statystyki odpowiedzi
Nr Odcinka Postać/postacie Aktor/aktorka % Poprawnych
45 Fiona (Shrek); Milunia (Tabaluga); Agnieszka Kunikowska
77%
58 Ciastek (Shrek); Mort (Madagaskar) Tomasz Bednarek
77%
51 Robin (Młodzi Tytani: Akcja!); Alvin (Alvin i wiewiórki); Jeremiasz (Fineasz i Ferb) Grzegorz Drojewski
69%
60 Spongebob (Spongebob kanciastoporty); Fred (Scooby Doo); Jacek Kopczyński
69%
57 Barney (Flintstonowie); Cienki (Toy Story 4) Mieczysław Morański
69%
39 Kapitan Ameryka (Avengers); Kristoff (Kraina Lodu) Paweł Ciołkosz
69%
50 Królik Bugs (Kosmiczny mecz) Robert Rozmus
69%
44 Merlin (Shrek); Begonia (Toy Story 3) Andrzej Chudy
62%
52 Plankton (Spongebob kanciastoporty); Major Monogram (Fineasz i Ferb) Dariusz Odija
62%
41 Zdzichu (Epoka Lodowcowa); Muminek (Muminki) Jacek Kawalec
62%
35 Marry Poppins (Mary Poppins z 1964 r.) Joanna Węgrzynowska
62%
49 Mistrz Yoda (Gwiezdne wojny); Mariusz Czajka
62%
40 Chudy (Toy Story); Profesor Atomus (Atomówki) Robert Czebotar
62%
53 Urszula (Mała Syrenka); Mama Odie (Księżniczka i żaba) Stanisława Celińska
62%
46 Kaczor Duffy (Looney Tunes); Stefan Knothe
62%
38 Yosemite Sam (Looney Tunes) Wojciech Machnicki
62%
37 Skalmar (Spongebob Kanciastoporty); Książe z Bajki (Shrek) Zbigniew Suszyński
62%
54 Rainbow Dash (My little pony); Violetta Castillo (Violetta) Agnieszka Mrozińska
54%
36 Księżniczka Celestia (My little pony); Kaczka Daisy (Mickey: Bajkowe święta) Elżbieta Jędrzejewska
54%
43 Ash Ketchum (Pokemon) Hanna Kinder-Kiss
54%
42 Bella (Piękna i Bestia); Lady (Zakochany kundel) Jolanta Wilk
54%
55 Oktawian (Noc w muzeum); Simba (Król Lew II: Czas Simby) Krzysztof Banaszyk
54%
33 Sharpay Evans (High School Musical); Twilight Sparkle (My little pony) Magdalena Krylik
54%
47 Randall (Potwory i spółka); Optimus Prime (Bumblebee) Sławomir Pacek
54%
56 Cindy (Miś Yogi); Żółty Diament (Steven Universe) Ewa Serwa
46%
34 Ron Weasley (Harry Potter) Marcin Łabno
46%
32 Bambi (Bambi); Plecak (Dora poznaje świat) Beniamin Lewandowski
38%
48 Tony Stark/Iron Man (Avengers) Mariusz Bonaszewski
38%
31 Wonder Woman (Liga Sprawiedliwych) Olga Bołądź
38%
59 Ginny Weasley (Harry Potter) Zuzanna Galia
38%
Nie znaleziono quizów pasujących do podanych kryteriów
Rozkład punktacji
Procent ludzi z każdym wynikiem
Percentyl według liczby udzielonych odpowiedzi
Twoja historia wyników
Nie rozwiązałeś tego quizu